LEADER 00823nas a2200229 i 4500 001 000000218791 003 CaOOAMICUS 005 20131210000000.0 008 130219b2013 ne uu u0 0mul r 013 $a197688 040 $aSeMil$bita 245 10$a[2013 : 1]. 260 $aLeiden ; Boston :$bBrill,$ccopyr. 2013. 300 $a152 p. ;$c24 cm. 500 $aArticoli con sintesi in inglese [Abstract] in testa. 773 0 $tJournal for the Study of Judaism.$dLeiden : Brill $x0047-2212$w()2390 774 0 $t[vedi periodico].$w()278635 850 $aSeMil 852 $aSeMil$W1$xVenegono$y1$m239 1 74$j169162$B169162$CSeMilBibl$Z2$F186407 $85 961 $aAbbonamento: Brill 996 $6245$a[2013 : 1]$9(OLS)http://semarc/title/313034 996 $6260$aLeiden ; Boston :$bBrill$9(OLS)http://semarc/publisher/39473 LEADER 00654nam a2200169 i 4500 001 000000001100 003 CaOOAMICUS 005 20180830125434.0 008 180830s1930 fr u000 u und u 040 $aSeMil$bita 100 1 $aRichard, Pierre.$0(OLS)http://semarc/name/956 245 10$aConcile de Trente /$cpar P. Richard. 650 4$aConcilio di Trento <1545-1563>.$0(OLS)http://semarc/subject/58 773 0 $aHefele, Karl Joseph $tHistoire des conciles.$dParis : Letouzey et Ané, 1907-1952.$w()884 774 0 $t1ère partie.$w()104740 774 0 $t2ème partie.$w()104741 996 $6245$aConcile de Trente$9(OLS)http://semarc/title/1780